000 00465nam a22001697a 4500
005 20251108164020.0
008 250721s1986 xx 000 0 ara d
082 1 4 _a138/إحس
100 1 _aحقي، إحسان
245 1 0 _aعلم الفراسة :
_bأسرار الخلقة و إبداعها /
250 _aط3.
264 1 _aبيروت :
_bدار النفائس،
_c1986.
300 _a139ص
650 1 7 _aالفراسة
942 _2ddc
_cBK
999 _c1467
_d1467